Genetics: Analysis of genes and genomes (Record no. 1208292)

MARC details
000 -LEADER
fixed length control field 00990nam a2200301Ia 4500
003 - CONTROL NUMBER IDENTIFIER
control field OSt
005 - DATE AND TIME OF LATEST TRANSACTION
control field 20221007121006.0
008 - FIXED-LENGTH DATA ELEMENTS--GENERAL INFORMATION
fixed length control field 221006b |||||||| |||| 00| 0 eng d
020 ## - INTERNATIONAL STANDARD BOOK NUMBER
International Standard Book Number 9780763758684 (hbd)
037 ## - SOURCE OF ACQUISITION
Terms of availability Textbook
040 ## - CATALOGING SOURCE
Original cataloging agency BDL
Transcribing agency BDL
Language of cataloging eng
041 ## - LANGUAGE CODE
Source of code eng
Language code of text/sound track or separate title eng
100 ## - MAIN ENTRY--PERSONAL NAME
Personal name Hartl Daniel L
245 #0 - TITLE STATEMENT
Title Genetics: Analysis of genes and genomes
Remainder of title Jones Elizabeth W
250 ## - EDITION STATEMENT
Edition statement 7
260 ## - PUBLICATION, DISTRIBUTION, ETC.
Place of publication, distribution, etc. Boston
Name of publisher, distributor, etc. Jones and Bartlett Publishers
Date of publication, distribution, etc. 2009
300 ## - PHYSICAL DESCRIPTION
Extent xxviii, 763p.
Dimensions cm.
500 ## - GENERAL NOTE
General note Includes bibliographical references; References 701-704p.; Index 735-763p.
650 ## - SUBJECT ADDED ENTRY--TOPICAL TERM
Topical term or geographic name entry element Genomics
9 (RLIN) 442340
650 ## - SUBJECT ADDED ENTRY--TOPICAL TERM
Topical term or geographic name entry element Genetics
700 ## - ADDED ENTRY--PERSONAL NAME
Personal name Jones Elizabeth W
942 ## - ADDED ENTRY ELEMENTS (KOHA)
Classification part G:6, P9 Carb
Koha item type Textbook
Source of classification or shelving scheme Colon Classification (CC)
Holdings
Withdrawn status Lost status Source of classification or shelving scheme Damaged status Not for loan Home library Current library Date acquired Source of acquisition Total Checkouts Full call number Barcode Date last seen Price effective from Koha item type
    Colon Classification (CC)     Department of Botany Library Department of Botany Library 2022-10-07 054, 18/08/2009, N R Book Distributors   G:6 P9 Carb BD0005352 2022-10-07 2022-10-07 Textbook
Copyright @ Delhi University Library System